000 00568cam a22001934a 4500
005 20250605164056.0
008 250528s ||||||||||||||||||||||||d
035 _a17471
020 _a3161465636
040 _aGR-AtMCL
_bgre
_dGR-AtMCL
_eAACR2
245 1 _aInternationales Un-Kaufrecht / Ein Studien - und Erlauterungsbuch zum Ubereinkommen der Vereinten Nationel uber Vertrage
260 _c1996
300 _a262
700 1 _aMohr J. C. B. (Paul Siebeck)
_93605
700 1 _aSchlechtriem Peter
_93606
942 _cBK
999 _c2881
_d2881